One Piece: Le top 20 du 1er sondage de popularité. - Statistiques

Statistiques générales
  • Ce quiz a été pris 3 159 fois
  • Le résultat moyen est 10 sur 20
Statistiques - réponses
# Personnage % Correct
1er Monkey D. Luffy
100%
2e Roronoa Zoro
99%
5e Nami
98%
4e Sanji
97%
3e Shanks
87%
8e Usopp
84%
7e Buggy
68%
14e Dracule Mihawk
54%
18e Koby
49%
13e Gol D. Roger
48%
9e Kuro
41%
17e Kaya
32%
11e Gin
29%
6e Ben Beckman
28%
16e Don Krieg
27%
12e Makino
27%
19e Jango
22%
10e Kuina
21%
15e Gaimon
16%
20e Nyaban Brothers
1%
Aucun quiz correspondant
Distribution des résultats
% des personnes avec chaque résultat
Percentile par nombre de réponses
Votre historique - résultats
Vous n’avez pas pris ce quiz